Statystyki dla Zgadnij co to za postać z Miraculous | Część #6

Kliknij tutaj aby rozwiązać quiz!

Ogólne statystyki

  • Ten quiz został rozwiązany 14 razy
  • Średni wynik to 5 z 16

Statystyki odpowiedzi

Odpowiedź% Poprawnych
Manon Chamack
80%
Gina Dupain
50%
Rolland Dupain
50%
Clara Contard
40%
Clara Nightingale
40%
Markov
40%
Wang Cheng
40%
Alec Cataldi
30%
Chris Lahiffe
30%
Ella Césaire
20%
Etta Césaire
20%
Nadja Chamack
20%
Penny Rolling
20%
Su-Han
20%
Weronik
20%
Filip
10%

Rozkład punktacji

Percentyl według liczby udzielonych odpowiedzi

Procent ludzi z każdym wynikiem

Twoja historia wyników

Nie rozwiązałeś tego quizu